Dreaming in the Middle Ages

Αποθηκεύτηκε σε:
Λεπτομέρειες βιβλιογραφικής εγγραφής
Κύριος συγγραφέας: Kruger, Steven F.
Μορφή: Βιβλίο
Γλώσσα:English
Δημοσίευση: Cambridge : Cambridge University Press, 1993
Σειρά:Cambridge studies in medieval literature ; ; 14
Θέματα:
Ετικέτες: Προσθήκη ετικέτας
Δεν υπάρχουν, Καταχωρήστε ετικέτα πρώτοι!

MARC

LEADER 00000nam a2200000 i 4500
001 1/92700
008 940301s1993 eng d
020 |a 0-521-41069-X 
035 |l 10008569 
040 |a GR-MY-UA  |b gre  |e aacr 
041 0 |a eng 
082 0 |a 809.933530902 
100 1 |a Kruger, Steven F. 
245 1 0 |a Dreaming in the Middle Ages /  |c Steven F. Kruger 
260 |a Cambridge :   |b Cambridge University Press,   |c 1993 
300 |a 254 p. 
490 1 |a Cambridge studies in medieval literature  |v ; 14 
504 |a Includes bibliographical references and index 
650 0 0 |a Literature, Medieval  |x History and criticism. 
650 0 0 |a Dreams in literature. 
650 0 0 |a Visions in literature. 
650 0 0 |a Dreams  |x History. 
650 0 0 |a Civilization, Medieval  |x Psychological aspects. 
830 0 |a Cambridge studies in medieval literature ;  |v ; 14 
852 |a INST  |b LESVOS  |e 19940301  |h 809.933530902 KRU  |p 005100005165  |q 005100005165  |t BK  |y 0 
909 |a Λ  |b 034062